00691nam a2200157 a 450000100100000000500170001000800410002702000180006804000250008610000310011124500600014226000810020230000210028350501820030450000470048600004543720201002052241.0150324s2012 dr 000 0 spa d a2789945481082 aDO-SdBNPbspacBNPHU1 aRomero Martínez, Vinicio10aBiografía de Bolívar. /cVinicio Romero Martínez. aSanto Domingo :bMovimiento social Duartiano-Bolivariano,c2012.fCentenario a130 p. ;c23 cm.0 tBiografía de BolívartBolívar y el sueño de la integraciónt¿Existe una dotrina Bolivariana?tConstitución Bolívariana y revolucióntPensamientos Bolívarianos aLa biblioteca posee la publicación No. 3